Alles sehen, alles hören, nichts wissen. Wie die Kontrolle des Bundesnachrichtendienstes systematisch versagt
| Main Author: | |
|---|---|
| Format: | Print Article |
| Language: | German |
| Published: |
1991
|
| In: |
Die Zeit
Year: 1991, Issue: 48, Pages: 15-18 |
| Availability in Tübingen: | Present in Tübingen. IFK: 6920 |
| Check availability: | HBZ Gateway |
MARC
| LEADER | 00000caa a22000002c 4500 | ||
|---|---|---|---|
| 001 | 1640041052 | ||
| 003 | DE-627 | ||
| 005 | 20220608130918.0 | ||
| 007 | tu | ||
| 008 | 160223s1991 xx ||||| 00| ||ger c | ||
| 035 | |a (DE-627)1640041052 | ||
| 035 | |a (DE-576)456037497 | ||
| 035 | |a (DE-599)BSZ456037497 | ||
| 040 | |a DE-627 |b ger |c DE-627 |e rakwb | ||
| 041 | |a ger | ||
| 100 | 1 | |a Schwarz, Birgit |4 aut | |
| 245 | 1 | 0 | |a Alles sehen, alles hören, nichts wissen. Wie die Kontrolle des Bundesnachrichtendienstes systematisch versagt |c Birgit Schwarz |
| 264 | 1 | |c 1991 | |
| 336 | |a Text |b txt |2 rdacontent | ||
| 337 | |a ohne Hilfsmittel zu benutzen |b n |2 rdamedia | ||
| 338 | |a Band |b nc |2 rdacarrier | ||
| 773 | 0 | 8 | |i In |t Die Zeit |d Hamburg : Zeitverl. Bucerius, 1946 |g (1991), 48, Seite 15-18 |w (DE-627)129310409 |w (DE-600)126030-3 |w (DE-576)014516896 |x 0044-2070 |7 nnas |
| 773 | 1 | 8 | |g year:1991 |g number:48 |g pages:15-18 |
| 935 | |a mkri | ||
| 951 | |a AR | ||
| ELC | |b 1 | ||
| LOK | |0 000 xxxxxcx a22 zn 4500 | ||
| LOK | |0 001 3301300332 | ||
| LOK | |0 003 DE-627 | ||
| LOK | |0 004 1640041052 | ||
| LOK | |0 005 20160223101034 | ||
| LOK | |0 008 160208||||||||||||||||ger||||||| | ||
| LOK | |0 040 |a DE-21-110 |c DE-627 |d DE-21-110 | ||
| LOK | |0 852 |a DE-21-110 | ||
| LOK | |0 852 1 |c 6920 |m p |9 00 | ||
| LOK | |0 935 |a k110 | ||
| LOK | |0 938 |k p | ||
| LOK | |0 939 |a 08-02-16 |b l01 | ||
| ORI | |a SA-MARC-krimdoka001.raw | ||
| SIG | |a IFK: 6920 | ||
